000 00881nas a2200289 4500
001 BR9801113
003 BR-BrBNA
005 20231205100918.0
007 ta
008 230509b bl.|||p| |||| 00| 00por d
040 _aBR-BrBNA
_bpor
_cBiblioteca Nacional de Agricultura
041 _a(Pt)
072 _aF03; H20
100 1 _aTeixeira, E.A.
100 1 _aFilippi, M.C.
100 1 _aPrabhu, A.S.
245 1 _aEficiencia relativa dos fungicidas sistemicos, no tratamento de sementes para o controle da brusone nas folhas de arroz
650 _aArroz
650 _aFolha
650 _aSemente
650 _aFungicida Sistemico
650 _aBrusone
650 _aControle Quimico
773 0 _tRevista Brasileira de Sementes (Brazil)
_xISSN 0101-3122
_g(1997), v. 19(2) p. 180-185
_wBR9801113
909 _a202311
_bLúcia
_c55
_dLúcia Elande
942 _2AGRIS
_n0
_cANA
999 _c158758
_d158758